[Event "EICC 2017"]
[Site "Minsk"]
[Date "2017.06.09"]
[Round "10"]
[White "Demchenko, Anton"]
[Black "Jobava, Baadur"]
[Result "0-1"]
[WhiteElo "2629"]
[BlackElo "2713"]
[Annotator "TA"]
[PlyCount "84"]
[EventDate "2017.??.??"]
[EventCountry "BLR"]
[SourceTitle "playchess.com"]
[Source "ChessBase"]
[SourceQuality "1"]

{[%evp 26,84,49,31,70,56,57,63,56,51,64,51,67,64,81,85,91,85,102,81,75,73,117,58,76,78,74,73,88,90,102,69,63,72,63,70,62,42,32,0,0,0,0,0,0,0,4,0,17,-223,-218,-206,-222,-222,-198,-224,-229,-365,-370,-507,-453]} 1. e4 d6 2. d4 Nf6 3. Nc3 e5 4. Nf3 Nbd7 5. Bc4 Be7 6. a4 O-O 7. O-O a5 8. Qe2 c6 9. Rd1 Qc7 10. Ba2 {C41: Philidor Defence} exd4 (10... Nb8 11. h3 Na6 12. Be3 Nd7 13. Re1 exd4 14. Bxd4 Ndc5 15. Bc4 Re8 16. Rad1 h6 17. Nd2 Bf8 {1-0 (44) Najer,E (2659)-Jobava,B (2701) Moscow 2017}) 11. Nxd4 Re8 12. Bf4 Ne5 13. h3 Bf8 14. Bg5 {LiveBook: 4 Games} Qe7 15. f4 $146 {[%cal Bf2f4,Bf4f5][%mdl 32]} ({Predecessor:} 15. Re1 h6 16. Bh4 Ng6 17. Bg3 Qc7 18. Rad1 {1-0 (59) Weinzettl,E (2301)-Plat,V (2459) Vsetin 2015}) 15... Ng6 $1 16. f5 Ne5 17. Kh1 b6 18. Nf3 h6 19. Bh4 g5 20. fxg6 Nxg6 21. Qf2 Nxh4 22. Nxh4 {[#] Threatens to win with Ng6.} Bg7 23. Rf1 Ra7 24. Rae1 ({White should play} 24. Qxb6 $16 {Nf5 is the strong threat.} Qb7 25. Qf2) 24... Qd8 $1 $14 25. Rd1 Re5 26. Qf4 {Hoping for Qxe5!} Qc7 27. Nf3 Rc5 28. Rxd6 Ne8 29. e5 {[%cal Be4e5,Be5d6][%mdl 32]} Nxd6 30. exd6 Qd8 $1 31. Nh4 Be5 32. Qf2 {Strongly threatening Ne4.} (32. Qxh6 $5 {[%cal Rh6g6]} Bxc3 33. Qg6+ (33. bxc3 Qg5 $11) 33... Bg7 34. Bxf7+ Kh8 35. Qe4 Rxf7 36. Rxf7 Qxd6 37. Ng6+ (37. Qe8+ Kh7 $11) 37... Kh7 38. Ne7+ Kh8 39. Qh4+ (39. Nxc8 $2 Qd1+ 40. Kh2 Be5+ 41. Rf4 Qd2 $19) 39... Qh6 40. Qxh6+ Bxh6 41. Nxc8 $16) 32... Bxc3 33. bxc3 Qxd6 34. Bxf7+ Kg7 $1 35. Bb3 Rb7 36. Qf3 b5 37. Rd1 $2 (37. axb5 $11 {and White stays safe.} Rcxb5 38. Qe3) 37... Qf6 $19 38. Qg3+ Rg5 39. Qe3 {White wants to play Qe8.} bxa4 40. Bxa4 Re7 41. Qg1 {[#]} (41. Qd4 $142) 41... Bxh3 $1 {[%mdl 512]} 42. Rf1 (42. gxh3 Rxg1+) 42... Bf5 {Precision: White = 55%, Black = 59%.} 0-1

[Event "EICC 2017"]
[Site "Minsk"]
[Date "2017.06.09"]
[Round "10"]
[White "Salgado Lopez, Ivan"]
[Black "Cheparinov, Ivan"]
[Result "0-1"]
[WhiteElo "2627"]
[BlackElo "2688"]
[Annotator "TA"]
[PlyCount "108"]
[EventDate "2017.??.??"]
[EventCountry "BLR"]
[SourceTitle "playchess.com"]
[Source "ChessBase"]
[SourceQuality "1"]

{[%evp 12,108,31,0,53,35,40,30,39,37,76,50,56,27,32,29,31,24,29,22,31,31,35,45,55,64,41,66,72,77,71,74,78,46,46,25,41,38,79,0,25,-41,-41,-52,-52,-77,-35,-55,-36,-53,-32,-114,-116,-161,-153,-196,-195,-192,-176,-158,-118,-200,-179,-166,-163,-420,-83,-187,-194,-202,-199,-194,-194,-184,-153,-141,-159,-155,-167,-206,-199,-447,-448,-751,-733,-663,-654,-880,-837,-1066,-1074,-1044,-1001,-1066,-1009,-1288,-1288,-1288,-1259]} 1. e4 c5 2. Nc3 Nc6 3. Nf3 e6 4. g3 a6 5. Bg2 Qc7 6. O-O Nf6 7. Re1 {LiveBook: 28 Games. B40: Sicilian: 2...e6, Unusual lines} h5 (7... Be7 $11) (7... d6 8. d4 cxd4 9. Nxd4 Nd7 10. Nce2 Be7 11. b3 O-O 12. Bb2 Nxd4 13. Nxd4 Rb8 14. Re3 Ne5 {½-½ (50) Dubov,D (2627)-Matlakov,M (2693) Sochi 2015}) 8. d3 d6 $146 ({Predecessor:} 8... Be7 9. e5 Ng4 10. Bf4 d5 11. h4 b5 12. Qe2 Qb6 {1-0 (26) Emmanouilidis,K (1985)-Papathanasiou,A (1717) Eretria 2011}) 9. Bg5 {White is slightly better.} Ng4 10. Nh4 b5 11. h3 (11. e5 $5) 11... Nf6 12. Nf3 (12. Bxf6 $5 gxf6 13. Ne2 $11) 12... Bb7 13. a4 b4 14. Nb1 {[%cal Bc3b1,Bb1d2,Bd2c4][%mdl 32]} Nh7 15. Be3 Be7 16. Nbd2 Nf8 17. c3 h4 18. Nxh4 Bxh4 19. gxh4 e5 20. h5 Ne6 21. Nc4 a5 22. Qg4 Ba6 23. Bd2 Bxc4 24. dxc4 O-O-O 25. Rad1 ({White should try} 25. Bg5 $16) 25... Kb8 $11 26. Be3 (26. h4 $11) 26... g6 $1 $15 {[%cal Bg7g6,Bg6g5][%mdl 1056] Black has compensation.} 27. h6 g5 $1 28. Qh5 Rdg8 29. Rd3 Rg6 $1 30. h7 Ng7 {[%cal Be6g7,Bg7h5,Bh5f4][%mdl 32]} 31. Qf3 (31. Qd1 $15) 31... Rxh7 $17 32. Red1 Nh5 33. Qg4 Nf4 34. R3d2 Qe7 35. Qf5 Rhg7 36. Bf3 (36. Kf1 $17) 36... Rf6 37. Qg4 {[#]} Rh6 $1 38. Bxf4 $2 (38. Bg2) 38... exf4 $2 (38... f5 $1 $19 {[%cal Rf5g4] and Black stays clearly on top.} 39. Qxf5 gxf4+ 40. Bg4 Na7) 39. Rd5 (39. Qf5 $17) 39... Ne5 $19 40. Rxe5 dxe5 (40... Qxe5 $2 {perishes.} 41. Qd7 $18) 41. cxb4 axb4 42. Rd7 Qe6 43. Qxe6 Rxe6 $17 {[%mdl 4096] Endgame KRR-KRB} 44. Bg4 Rc6 45. b3 Rgg6 46. Kf1 $2 (46. Rd5) 46... Rgd6 $19 {aiming for ...Rxd7.Black is clearly winning.} 47. Rxd6 (47. Rxf7 $142 Rd3 48. Re7) 47... Rxd6 {KR-KB} 48. Ke2 {[#]} f5 $1 49. exf5 {intending Kf3.} e4 50. Bh5 Rf6 51. Bg6 Kc7 52. Bh7 Kd6 53. Bg8 Rxf5 54. a5 Kc6 {Precision: White = 30%, Black = 75%.} 0-1

[Event "EICC 2017"]
[Site "Minsk"]
[Date "2017.06.09"]
[Round "10"]
[White "Andriasian, Zaven"]
[Black "Harutjunyan, Gevorg"]
[Result "1-0"]
[WhiteElo "2622"]
[BlackElo "2472"]
[Annotator "TA"]
[PlyCount "89"]
[EventDate "2017.??.??"]
[EventCountry "BLR"]
[SourceTitle "playchess.com"]
[Source "ChessBase"]
[SourceQuality "1"]

{[%evp 10,89,-6,-13,-6,-11,-14,-17,-1,-3,8,0,0,0,19,0,11,10,25,-17,0,0,0,0,-1,-8,-8,-10,-5,0,6,0,-10,-35,-33,-32,-20,-14,-16,0,0,0,65,0,64,0,195,197,204,190,192,198,669,100,89,97,96,91,179,175,162,168,229,168,176,166,162,141,216,202,210,210,209,173,361,354,402,391,434,432,670,670]} 1. c4 e5 2. Nc3 Bb4 3. g3 Nf6 4. Bg2 O-O 5. d3 Re8 6. Bd2 c6 {A22: English Opening: 1...e5 2 Nc3 Nf6} 7. Nf3 d5 8. O-O dxc4 {The position is equal.} (8... h6 9. Nxd5 Nxd5 10. cxd5 Bxd2 11. Nxd2 cxd5 12. Qb3 Be6 13. Qxb7 Nd7 14. Qa6 {1-0 (45) Gashimov,V (2746)-Topalov,V (2775) Monte Carlo 2011}) 9. dxc4 Nbd7 10. Qc2 Bf8 $146 ({Predecessor:} 10... a5 11. a3 Bf8 12. Ng5 h6 13. Nge4 Nxe4 14. Nxe4 {0-1 (53) Veselsky,J (2200)-Castiglione,M (2265) Slovakia 2005}) 11. Rfd1 Qc7 12. Rab1 Nb6 13. Bg5 Nh5 14. Nd2 h6 15. Be3 Nf6 16. b4 Be6 17. Nce4 Nxe4 18. Bxe4 g6 19. a4 f5 20. Bg2 Qf7 {[%cal Rb6c4]} 21. Rdc1 Nd7 22. Nb3 Bxb4 23. Bxh6 a5 24. Bd2 Qf6 25. Bc3 Reb8 ({Black should play} 25... Red8 $11) 26. Rd1 ({Better is} 26. Qd2 $1 $14) 26... Qf7 ({Black should try} 26... Qe7 $11) 27. Nd2 (27. Qd2 $1 $14) 27... c5 $2 (27... e4 $11 {and Black stays safe.}) 28. Nf3 $18 {Hoping for Ng5.} e4 29. Ng5 Qe7 30. h4 Nb6 $2 (30... Nf6 31. f3 Bxc3 32. Qxc3 Bd7) 31. Bf6 $2 (31. Ba1 $18 {has better winning chances.} Nxc4 32. Bxe4 $1 {[%mdl 512]}) 31... Qxf6 $16 32. Rd6 $1 {[%csl LRb6,LRe6][%cal Bd1d6,Bd6b6,Bb6b7][%mdl 32]} Re8 {And now ...Nc8 would win.} 33. Rxb6 Qe5 {[#]} (33... Ra6 $16 34. Rxb7 (34. Rxe6 Raxe6 35. Nxe6 Rxe6 $11) 34... Rd6) 34. Rd1 $1 $36 {[%mdl 2048] White has strong initiative.} ({Don't play} 34. Nxe6 $6 Rxe6 35. Rxb7 Rd8 $16) ({Much less strong is} 34. Rxb7 $6 Rad8 $16) 34... Ra6 35. Rxb7 ({But not} 35. Rxe6 $6 Raxe6 36. Nxe6 Qxe6 $14) 35... Qc3 (35... Rd6 $142 36. Ra7 Rxd1+ 37. Qxd1 Qd4 38. Qxd4 cxd4) 36. Qxc3 Bxc3 37. Nxe6 Raxe6 38. Rd5 Re5 (38... R8e7 $16 {was called for.} 39. Rb5 Re5 40. Rbxc5 Kf7) 39. Rdd7 {Strongly threatening Rg7+.} R5e6 40. Bh3 Rf8 41. Rd5 Re5 $2 (41... Rf7 42. Rb8+ Kg7 43. Rxc5 Ref6) 42. Rd6 Kh8 43. Rxg6 Rd8 44. e3 Be1 (44... Rf8 $142 45. Rgg7 Ree8) 45. Rf6 {Precision: White = 53%, Black = 44%.} 1-0

[Event "EICC 2017"]
[Site "Minsk"]
[Date "2017.06.09"]
[Round "10"]
[White "Maze, Sebastien"]
[Black "Danin, Alexandre"]
[Result "0-1"]
[WhiteElo "2619"]
[BlackElo "2551"]
[Annotator "TA"]
[PlyCount "64"]
[EventDate "2017.??.??"]
[EventCountry "BLR"]
[SourceTitle "playchess.com"]
[Source "ChessBase"]
[SourceQuality "1"]

{[%evp 23,64,0,0,-14,36,0,56,52,62,0,0,-9,-1,-30,-14,-22,-32,-86,-83,-109,-68,-110,-91,-168,-206,-260,-260,-295,-262,-356,-378,-566,-568,-555,-555,-5381,-3530,-29990,-29991,-29991,-29992,-29992,-29992]} 1. e4 e6 2. d4 d5 3. Nc3 Nf6 4. Bg5 Be7 5. e5 Nfd7 6. Bxe7 Qxe7 7. f4 O-O 8. Nf3 c5 9. Qd2 Nc6 10. dxc5 Nxc5 11. O-O-O a6 12. Bd3 b5 13. Ne2 {C14: French: Classical System: 4 Bg5 Be7 main line} (13. Qe3 $5 {[%cal Rd3h7]}) (13. Qf2 Nxd3+ 14. Rxd3 Bb7 15. Re1 Rac8 16. Kb1 Nb4 17. Rd2 d4 18. Qxd4 Bxf3 19. gxf3 Nc6 20. Qf2 f6 {1-0 (32) Perunovic,M (2580)-Kovacevic,A (2581) Vrsac 2008}) 13... Nb4 14. Kb1 Ncxd3 $146 (14... a5 $11) ({Predecessor:} 14... Nbxd3 15. cxd3 a5 16. Rc1 Ba6 17. f5 Rfc8 18. g4 b4 19. Nf4 Ra7 20. Qe3 Rac7 {1-0 (34) Schmelz,T (2411)-Sergel,C (2444) ICCF email 2000}) 15. cxd3 $14 {White is slightly better.} d4 16. Nexd4 (16. Nfxd4 $14 Bb7 17. Rc1) 16... Bb7 $11 17. f5 exf5 $1 18. a3 (18. Nxf5 {is interesting.} Qe6 19. Nh6+ Qxh6 20. Qxb4 Rad8 21. Rhe1) 18... Bxf3 $1 19. gxf3 Nd5 20. f4 (20. Nxf5 $15 Qxe5 21. Qg5) 20... Qd7 $17 21. Rhg1 b4 22. axb4 Rab8 23. b5 ({Don't go for} 23. Qg2 $2 g6 $19) (23. Nxf5 $17 {was called for.} Nxb4 24. Rxg7+ Kh8 25. Rxh7+ (25. Rg5 $2 Qa4 $19) 25... Kxh7 26. Qf2 Qxf5 27. Qh4+ Kg8 28. Rg1+ Qg6 29. Rxg6+ fxg6 30. Qg4) 23... g6 $19 24. e6 ({Don't blunder} 24. bxa6 $2 Qa4 $19) 24... fxe6 25. Rde1 Rb6 26. h4 axb5 {[%cal Ba6b5,Bb5b4,Bb4c3][%mdl 32] ...Ra8 is the strong threat.} 27. h5 (27. Qa5 $142 Qb7 28. Qa3) 27... b4 28. hxg6 {Threatens to win with Qh2.} h6 (28... Nc3+ 29. Kc2 $17) 29. g7 Rc8 30. Qh2 {[#]} Nc3+ $1 {[%mdl 512] Black mates.} 31. bxc3 bxc3+ 32. Kc1 Qxd4 {Precision: White =  4%, Black = 73%.} 0-1

[Event "EICC 2017"]
[Site "Minsk"]
[Date "2017.06.09"]
[Round "10"]
[White "Saric, Ivan"]
[Black "Gorovets, Andrey"]
[Result "1-0"]
[WhiteElo "2618"]
[BlackElo "2524"]
[Annotator "TA"]
[PlyCount "111"]
[EventDate "2017.??.??"]
[EventCountry "BLR"]
[SourceTitle "playchess.com"]
[Source "ChessBase"]
[SourceQuality "1"]

{[%evp 24,111,71,58,58,60,62,60,63,58,70,69,61,50,52,39,56,49,38,31,50,25,31,28,27,12,39,20,29,39,36,47,57,55,56,59,60,65,65,60,60,56,73,73,73,31,31,23,23,23,31,23,30,14,14,14,14,8,23,23,158,158,218,189,270,266,478,404,29968,29968,29970,29972,29971,29973,29973,29974,29974,29975,29974,29976,29976,29977,29977,29978,29978,29979,29979,29980,29979,29980]} 1. e4 c5 2. Nf3 e6 3. d4 cxd4 4. Nxd4 a6 5. Bd3 Nf6 6. O-O Qc7 7. Qe2 d6 8. c4 g6 9. Nc3 Bg7 10. Be3 Nbd7 11. Rac1 O-O 12. Rfd1 {B42: Sicilian: Kan Variation: 5 Bd3} Ne5 (12... b6 13. f3 Bb7 14. Qd2 Rac8 15. Bf1 Rfd8 16. b4 Qb8 17. Na4 Bf8 18. Nb3 Bc6 19. Nc3 Ba8 20. Qf2 Ne5 21. Na4 d5 22. exd5 exd5 23. Bxb6 dxc4 24. Rxd8 Rxd8 25. Bxd8 Qxd8 26. Bxc4 {½-½ (34) Bok,B (2598)-Artemiev,V (2653) Doha 2016}) 13. f3 {LiveBook: 8 Games} Bd7 14. b3 {White is slightly better.} Nxd3 15. Qxd3 Rfd8 $146 ({Predecessor:} 15... Rfc8 16. Nde2 Ne8 17. c5 Bf8 18. cxd6 Bxd6 19. Na4 Qd8 {1-0 (50) Polterauer,C (1858)-Gal,H (2100) Iasi 2014}) 16. Nde2 Be8 17. Bd4 Rac8 18. Qe3 {Hoping for Bb6.} Nd7 19. Bxg7 Kxg7 20. Qd4+ Nf6 21. a4 Qa5 22. Kh1 Qb4 23. Rb1 e5 24. Qe3 h6 25. Na2 Qc5 26. Qxc5 dxc5 27. Nac3 Rxd1+ 28. Rxd1 Bc6 29. a5 Kf8 30. Kg1 Ke7 31. Kf2 h5 32. h4 Bd7 33. Nd5+ Nxd5 34. Rxd5 $16 {[%mdl 4096] Endgame KRB-KRN} ({Much weaker is} 34. cxd5 c4 $11) 34... Be6 35. Rd2 Rd8 36. Rxd8 Kxd8 $11 {KB-KN} 37. Nc1 (37. Nc3 $5 {[%cal Rc3a4]}) 37... Ke7 38. Nd3 Kd6 39. Ke3 f6 40. Nf2 g5 41. g3 {[%cal Bg2g3,Bg3g4][%mdl 32]} Bd7 (41... Ke7 $11) 42. g4 $1 $16 {[%cal Rg4h5]} gxh4 (42... Be8 $16) 43. gxh5 $18 {Black must now prevent h6.} Ke7 (43... Ke6 {keeps fighting.} 44. f4 exf4+ 45. Kxf4 Kf7) 44. Ng4 $1 Kf7 $2 (44... Be8 {was called for.}) 45. Kf2 Bxg4 (45... Bc8 $18 46. Kg2 f5 47. Nxe5+ Kg7 48. exf5 Bxf5) 46. fxg4 {KP-KP. White mates.} Kg7 47. Kg2 Kh6 48. Kh2 f5 49. gxf5 Kxh5 50. Kh3 Kg5 {[#]} 51. f6 $1 {[%mdl 512]} Kxf6 52. Kxh4 Kg6 53. Kg4 Kf6 54. Kh5 $1 {[%cal Rh5h6]} Kf7 {[#]} 55. Kg5 $1 {[%cal Rg5f5]} Ke6 {[#]} 56. Kg6 $1 {Precision: White = 70%, Black = 52%.} 1-0

[Event "EICC 2017"]
[Site "Minsk"]
[Date "2017.06.09"]
[Round "10"]
[White "Banusz, Tamas"]
[Black "Goryachkina, Aleksandra"]
[Result "1/2-1/2"]
[WhiteElo "2616"]
[BlackElo "2470"]
[Annotator "TA"]
[PlyCount "101"]
[EventDate "2017.??.??"]
[EventCountry "BLR"]
[SourceTitle "playchess.com"]
[Source "ChessBase"]
[SourceQuality "1"]

{[%evp 18,101,39,38,46,37,54,54,57,60,60,37,55,53,57,24,25,0,16,20,28,27,28,27,25,24,30,34,38,30,48,39,43,27,41,41,54,41,59,33,33,35,39,39,42,56,48,22,68,20,20,0,0,0,0,0,0,0,0,0,0,0,0,0,15,15,15,0,0,0,0,0,0,0,0,0,0,0,0,0,0,0,0,0,0,0]} 1. Nf3 d5 2. d4 Nf6 3. c4 c6 4. e3 Bf5 5. Nc3 e6 6. Nh4 Bg6 7. Nxg6 hxg6 8. Rb1 {D12: Slav Defence: 3 Nf3 Nf6 4 e3 Bf5} (8. Bd3 c5 9. Qb3 Qd7 10. cxd5 exd5 11. dxc5 Nc6 12. Bd2 Bxc5 13. Rc1 Rd8 14. Na4 Bd6 15. Nc5 Bxc5 16. Rxc5 {0-1 (34) Wojtaszek,R (2745)-Topalov,V (2741) Shamkir 2017}) 8... Nbd7 9. c5 e5 10. b4 {[%cal Bb2b4,Bb4b5][%mdl 32] LiveBook: 7 Games. White is slightly better.} Be7 11. g3 e4 $146 ({Predecessor:} 11... exd4 12. exd4 Ne4 13. Nxe4 dxe4 14. Bg2 Nf6 15. O-O Qd5 {½-½ (73) Roiz,M (2594)-Girya,O (2456) Minsk 2015}) 12. b5 Qc7 13. Qa4 O-O 14. Be2 Rfe8 15. Bd2 Nf8 16. bxc6 bxc6 17. Kd1 Ne6 18. Qa6 Reb8 19. Kc2 Nd7 20. Rxb8+ Rxb8 21. Rb1 Bd8 22. Rxb8 Nxb8 23. Qa4 Qb7 24. a3 Kf8 25. Na2 f5 26. h4 Bc7 27. Nb4 Kf7 28. Na6 Nxa6 29. Bxa6 Qa8 30. Qb3 {[#] aiming for Bb7.} Nd8 31. Qb1 Ke7 32. g4 Qb8 33. Qg1 {gxf5 is the strong threat.} f4 {The position is equal.} 34. f3 exf3 35. Qf2 fxe3 36. Bxe3 Bf4 37. Qxf3 Bxe3 38. Qxe3+ Ne6 39. Kc3 Qc7 40. Bd3 Qa5+ 41. Kb3 Qc7 42. Bf5 gxf5 43. gxf5 Qb7+ 44. Kc3 Qd7 45. a4 ({Don't go for} 45. Qxe6+ $2 Qxe6 46. fxe6 Kxe6 $19) 45... Kf7 {[#] And now ...Nf8 would win.} 46. fxe6+ Qxe6 47. Qf4+ Kg8 48. Qb8+ Kh7 49. Qb1+ Qg6 50. Qe1 a5 51. Kb2 {Precision: White = 56%, Black = 66%.} 1/2-1/2

[Event "EICC 2017"]
[Site "Minsk"]
[Date "2017.06.09"]
[Round "10"]
[White "Tomczak, Jacek"]
[Black "Sarana, Alexey"]
[Result "1/2-1/2"]
[WhiteElo "2615"]
[BlackElo "2472"]
[Annotator "TA"]
[PlyCount "30"]
[EventDate "2017.??.??"]
[EventCountry "BLR"]
[SourceTitle "playchess.com"]
[Source "ChessBase"]
[SourceQuality "1"]

{[%evp 15,30,24,31,0,0,-12,-11,-12,0,-8,-9,-10,-8,-6,-8,-8,-2]} 1. e4 c5 2. Nf3 d6 3. d4 cxd4 4. Nxd4 Nf6 5. Nc3 Nc6 6. f3 e5 7. Nb3 Be7 8. Be3 Be6 9. Qd2 {B56: Classical Sicilian: Unusual Lines} d5 {The position is equal.} 10. exd5 Nxd5 11. Nxd5 Qxd5 12. Qf2 {[#] Hoping for Rd1.} Rd8 $146 ({Predecessor:} 12... Nb4 13. c3 Nd3+ 14. Bxd3 Qxd3 15. Nc5 Bxc5 16. Bxc5 b6 {1-0 (41) Ehlvest,J (2600)-Veingold,A (2480) Tallinn 2003}) 13. Be2 Nd4 14. Bxd4 exd4 15. O-O Qc6 1/2-1/2

[Event "EICC 2017"]
[Site "Minsk"]
[Date "2017.06.09"]
[Round "10"]
[White "Melkumyan, Hrant"]
[Black "Kobo, Ori"]
[Result "1-0"]
[WhiteElo "2613"]
[BlackElo "2481"]
[Annotator "TA"]
[PlyCount "93"]
[EventDate "2017.??.??"]
[EventCountry "BLR"]
[SourceTitle "playchess.com"]
[Source "ChessBase"]
[SourceQuality "1"]

{[%evp 9,93,27,9,9,22,0,15,18,6,17,11,0,0,0,31,28,29,21,24,14,14,18,16,18,18,12,6,6,12,0,8,0,0,0,6,0,0,0,0,0,0,0,0,0,0,-9,12,4,31,30,67,72,95,9,19,10,80,80,93,85,89,39,60,22,139,141,138,147,147,150,139,141,162,121,159,151,151,150,186,169,256,235,514,506,505,469]} 1. Nf3 Nf6 2. c4 c5 3. Nc3 d5 4. cxd5 Nxd5 5. e3 e6 6. Nxd5 {A17: English Opening: 1...Nf6 with ...Bb4} exd5 7. Bb5+ $146 (7. b3 {is interesting.} Nc6 8. Bb2 Bf5 9. Be2 Be7 10. O-O) ({Predecessor:} 7. b4 c4 8. Bb2 Bxb4 9. Bxg7 Rg8 10. Be5 Nc6 11. Bg3 Bf5 12. Be2 Be7 13. O-O h5 {½-½ (79) Nepomniachtchi,I (2767)-Harikrishna,P (2766) Wijk aan Zee 2017}) 7... Bd7 8. Bxd7+ {The position is equal.} Qxd7 9. b3 Be7 10. Bb2 O-O 11. O-O d4 12. exd4 Bf6 13. Ne5 Qd5 14. Qf3 Qxf3 15. Nxf3 Nc6 16. Rac1 cxd4 17. Rc4 {[%cal Rb2d4]} Rfd8 18. Re1 Rd5 19. g4 Rad8 20. Kg2 g5 21. d3 a5 22. Ba3 Kg7 23. Rc2 R8d7 24. Re8 h6 25. h3 Rd8 26. Rce2 Kg6 27. Rxd8 Rxd8 (27... Nxd8 {is more complex.} 28. h4 gxh4 29. Kh3 Nc6 30. Re4 Kg7) 28. Rc2 Bg7 29. h4 gxh4 30. Nxh4+ Kf6 31. Nf3 ({White should play} 31. f4 $16) 31... Rd5 $11 32. Re2 a4 (32... h5 $11) 33. bxa4 $16 Ra5 34. Bd6 Rxa4 35. Kg3 Ra5 36. Kf4 Rd5 {[#]} (36... h5 $11 {keeps the balance.}) 37. Be5+ $1 Kg6 {[#]} 38. Nh4+ $1 Kh7 {[%cal Rc6e5]} 39. Bxg7 Kxg7 {[%mdl 4096] Endgame KRN-KRN} 40. Nf5+ Kg6 41. Re8 Kh7 42. Ke4 Rd7 43. a3 b5 44. Ra8 f6 (44... Nd8 {was necessary.} 45. Nxd4 Nb7) 45. f4 $18 Kg6 $2 (45... Ne7 46. Nxd4 Kg6 47. Nxb5 h5 48. gxh5+ Kxh5) 46. Rh8 Rh7 47. Rg8+ {Precision: White = 55%, Black = 54%.} 1-0

[Event "EICC 2017"]
[Site "Minsk"]
[Date "2017.06.09"]
[Round "10"]
[White "Hracek, Zbynek"]
[Black "Sanikidze, Tornike"]
[Result "1-0"]
[WhiteElo "2612"]
[BlackElo "2518"]
[Annotator "TA"]
[PlyCount "79"]
[EventDate "2017.??.??"]
[EventCountry "BLR"]
[SourceTitle "playchess.com"]
[Source "ChessBase"]
[SourceQuality "1"]

{[%evp 29,79,21,31,13,60,64,55,51,58,68,69,67,76,65,85,77,77,78,90,89,89,83,74,74,72,70,70,73,89,79,77,73,80,83,163,176,435,550,550,544,535,465,29970,29964,29964,29956,29991,29992,29992,29993,29996,29996]} 1. e4 e5 2. Nf3 Nc6 3. Bb5 a6 4. Ba4 Nf6 5. O-O Be7 6. Re1 b5 7. Bb3 d6 8. c3 O-O 9. h3 Bb7 10. d4 Re8 11. Nbd2 Bf8 12. a3 g6 13. Ba2 Bg7 14. b4 exd4 {C92: Closed Ruy Lopez: 9...Be6, Karpov and Flohr-Zaitsev Variations} 15. cxd4 a5 {[#] LiveBook: 9 Games} 16. d5 $146 ({Predecessor:} 16. Qb3 Qd7 17. Bb2 axb4 18. axb4 Ra4 19. Bc3 Nh5 20. Bb1 Rxa1 21. Bxa1 Nf4 22. Bc3 {1-0 (77) Inarkiev,E (2723)-Oparin,G (2625) Moscow 2017}) 16... Ne5 {The position is equal.} 17. Nxe5 Rxe5 18. Bb2 Re8 19. bxa5 Rxa5 20. Qb3 Qd7 21. Bc3 Ra4 {[%cal Rf6e4]} 22. Qb2 {[#] Bb3 is the strong threat.} Nh5 23. Bxg7 Nxg7 24. Bb3 Ra6 25. Nf3 c5 26. dxc6 Bxc6 27. Rad1 Qe7 $1 28. Bd5 Qb7 29. Bxc6 Rxc6 30. e5 dxe5 31. Rxe5 Rb8 (31... Rb6 $16) 32. Red5 $18 Ne8 $2 (32... Re8 33. Ne5 (33. Rxb5 Qc8 $16) (33. Qxb5 Qxb5 34. Rxb5 Ra6 $16) 33... Rce6) 33. Ne5 Rc7 34. Nd7 Rbc8 35. Qb4 {[%csl Gd7][%cal Rb4f8] [#]} h5 (35... Rxd7 $18 36. Rxd7 Qc6) 36. Qf8+ {White mates.} Kh7 37. Qxf7+ Kh6 38. g4 hxg4 39. hxg4 {[%cal Bh3g4,Bg4g5][%mdl 32]} Ng7 40. g5+ {Precision: White = 90%, Black = 41%.} 1-0

[Event "EICC 2017"]
[Site "Minsk"]
[Date "2017.06.09"]
[Round "10"]
[White "Onischuk, Vladimir"]
[Black "Movsesian, Sergei"]
[Result "0-1"]
[WhiteElo "2608"]
[BlackElo "2680"]
[Annotator "TA"]
[PlyCount "90"]
[EventDate "2017.??.??"]
[EventCountry "BLR"]
[SourceTitle "playchess.com"]
[Source "ChessBase"]
[SourceQuality "1"]

{[%evp 16,90,31,33,50,15,9,-10,-2,-22,8,-49,-49,-41,-35,-39,0,-14,-11,-79,-81,-96,-73,-86,-55,-41,-51,-59,-62,-148,-159,-139,-132,-161,-167,-160,-140,-168,-61,-76,-85,-82,-84,-79,-69,-62,-70,-120,-62,-100,-98,-221,-220,-318,-282,-397,-396,-375,-396,-366,-351,-819,-819,-1000,-805,-899,-585,-720,-696,-654,-649,-627,-579,-731,-757,-747,-721]} 1. e4 c5 2. Nf3 e6 3. Nc3 a6 4. d4 cxd4 5. Nxd4 d6 6. Be3 Nc6 7. Be2 Nf6 8. f4 Be7 9. Qd2 Bd7 {B84: Sicilian Scheveningen: 6 Be2 a6, lines without early Be3} (9... O-O 10. O-O-O Nd7 11. g4 Nxd4 12. Qxd4 b5 13. g5 Rb8 14. h4 Qa5 15. g6 hxg6 16. h5 b4 17. Nb1 e5 18. Qd2 exf4 19. Bxf4 {½-½ (38) Timofeev,A (2598)-Rublevsky,S (2692) Sochi 2016}) 10. Nb3 b5 {[%cal Bb7b5,Bb5b4][%mdl 32]} 11. Bf3 b4 $146 {The position is equal.} ({Predecessor:} 11... Rc8 12. g4 O-O 13. g5 Ne8 14. h4 Na5 15. Nxa5 Qxa5 16. O-O b4 17. Ne2 {½-½ (64) Hrabusa,M (2191)-Ondrus,M (2259) Trencin 2009}) 12. Na4 Rb8 13. Qf2 ({White should play} 13. a3 $11) 13... e5 $15 14. O-O-O O-O 15. g3 Bg4 16. Kb1 Qc7 17. Rd2 (17. Rhf1 $11) 17... Bxf3 $17 18. Qxf3 Qb7 $36 {[%mdl 2048] Black is really pushing.} 19. Nb6 Nd4 20. Bxd4 Nxe4 {Hoping for ...Nc3+!} 21. Rd3 exd4 22. Re1 ({White should try} 22. Nd7 $1 $15) 22... f5 23. Nc4 Bf6 24. Qf1 Rfc8 25. Ncd2 Qc6 26. Rc1 Qb6 (26... a5 $19 {Strongly threatening ...a4.} 27. Nxd4 Qc5) 27. g4 $15 {[#] Threatening g5.} Nxd2+ $1 28. Nxd2 {Black should prevent g5.} fxg4 29. Qg2 Qc6 30. Qxg4 Re8 31. Nf3 Re4 (31... Qd5 $17 32. Rcd1 Rbc8) 32. Rcd1 Rc8 33. R1d2 (33. R3d2 $17 {was necessary.}) 33... a5 $19 {[%cal Ba6a5,Ba5a4,Ba4a3][%mdl 32]} 34. Qf5 (34. Qg1 $142) 34... a4 35. Rg2 (35. h4 $142) 35... Rf8 36. Rg1 Re2 37. Rc1 {[#]} a3 $1 {[%mdl 512]} 38. b3 $2 (38. Ng1 Re3 39. b3) (38. bxa3 bxa3) 38... Rc8 {Black is clearly winning.} 39. h4 h6 40. Qg4 Rxc2 {[%csl Gc6,Gc8][%cal Rc2c1]} 41. Qxc8+ Qxc8 {[%csl Gc8][%cal Rc2c1]} 42. Rxc2 Qf5 43. Rcd2 Qxf4 44. Nxd4 Qxh4 45. Nc2 Be5 {Precision: White = 35%, Black = 74%.} 0-1